000 01006cam a2200289 i 4500
001 bg
003 BPK
005 20190906085711.0
008 991116s1982 pl a f f |001 0 pol
015 _aPB 1982/2090
020 _a832040309X
040 _aWA N
_cBPK
080 _a66
080 _a(075.8)
100 1 _aSerwiński, Mieczysław
_d(1918-1999).
_eAutor
245 1 0 _aZasady inżynierii chemicznej i procesowej /
_cMieczysław Serwiński.
250 _aWyd. 3 zm. i uaktual.
260 _aWarszawa :
_bWydawnictwa Naukowo-Techniczne,
_c1982.
300 _a616, [4] s. :
_bil. tab. wykr. ;
_c24 cm.
504 _aBibliogr. s. 606. - Indeks.
521 _aWyd. poprz. pt. : Zasady inżynierii chemicznej.
655 4 _aPodręczniki akademickie
650 4 _aTechnologia chemiczna
710 2 _aWydawnictwa Naukowo-Techniczne
_4pbl.
856 _uhttp://koha.tu.koszalin.pl/cgi-bin/koha/opac-detail.pl?biblionumber=20462
_yKatalog online BPK
942 _2UKD
_cKS
999 _c20462
_d20462